Mar Mitenge / (Record no. 47191)

MARC details
000 -LEADER
fixed length control field 01045njm a22002777a 4500
005 - DATE AND TIME OF LATEST TRANSACTION
control field 20100921115321.0
006 - FIXED-LENGTH DATA ELEMENTS--ADDITIONAL MATERIAL CHARACTERISTICS--GENERAL INFORMATION
fixed length control field a|||||r|||||00| 0
007 - PHYSICAL DESCRIPTION FIXED FIELD--GENERAL INFORMATION
fixed length control field sd ammalaaahaa
008 - FIXED-LENGTH DATA ELEMENTS--GENERAL INFORMATION
fixed length control field 100907t xxu||||| |||| 00| 0 eng d
028 ## - PUBLISHER NUMBER
Publisher number SFLP-1274
Source Super
035 ## - SYSTEM CONTROL NUMBER
System control number GR-07764
100 ## - MAIN ENTRY--PERSONAL NAME
Personal name Mohd Aziz
9 (RLIN) 18693
245 ## - TITLE STATEMENT
Title Mar Mitenge /
Statement of responsibility, etc by Mohd Aziz ; Music Laxmikant Pyarelal ; lyric Anand Bakshi
Medium [Sound recording]
246 ## - VARYING FORM OF TITLE
Title proper/short title मर मिटेंगे /
260 ## - PUBLICATION, DISTRIBUTION, ETC. (IMPRINT)
Place of publication, distribution, etc Dum Dum, India
Name of publisher, distributor, etc Super
Date of publication, distribution, etc 1988
300 ## - PHYSICAL DESCRIPTION
Extent 1 sound disc [Gramophone Recording]
Other physical details analog, 33 1/3rpm ;
Dimensions 12 in. (LP)
Type of unit Gramaphone Records
500 ## - GENERAL NOTE
General note Brief records
500 ## - GENERAL NOTE
General note Record Lables Super, Red
505 ## - FORMATTED CONTENTS NOTE
Formatted contents note Side-1 (Badon Ka Hai Farmana) ( Mohd Aziz ), --Side-2 (Dekho Mera) (Kishore Kumar)
600 ## - SUBJECT ADDED ENTRY--PERSONAL NAME
Source of heading or term Mohd Aziz
650 ## - SUBJECT ADDED ENTRY--TOPICAL TERM
Topical term or geographic name as entry element Classical Music
General subdivision Excerpts
Geographic subdivision India
9 (RLIN) 18694
700 ## - ADDED ENTRY--PERSONAL NAME
Personal name Pyarelal, Laxmikant
9 (RLIN) 20905
700 ## - ADDED ENTRY--PERSONAL NAME
Personal name Bakshi, Anand
9 (RLIN) 20906
942 ## - ADDED ENTRY ELEMENTS (KOHA)
Source of classification or shelving scheme Dewey Decimal Classification
Item type Gramaphone Records
Holdings
Withdrawn status Lost status Source of classification or shelving scheme Damaged status Not for loan Collection code Home library Current library Date acquired Source of acquisition Total Checkouts Barcode Date last seen Copy number Price effective from Koha item type
    Dewey Decimal Classification   Not For Loan Non-fiction Central Library Central Library 21/09/2010 SED/VEN   GR-07764 21/09/2010 1 21/09/2010 Gramaphone Records

© Delhi Public Library
Hit Counter
free hit counter